Trivia de Disney #5 (películas animadas) - Estadísticas

Estadísticas generales
  • Esta prueba ha sido intentada 158 veces
  • La puntuación promedio es 8 de 16
Estadísticas de respuestas
Pregunta Respuesta % Correcto
¿Qué princesa sufrió un hechizo para dormir? Blancanieves | Aurora
95%
¿Qué le pide Úrsula a Ariel a cambio de darle piernas? Su voz
94%
¿De quién no hablamos? ("No se habla de...") De Bruno
84%
¿Cuál es el sueño de Tiana? Abrir un restaurante
73%
Las tres buenas hadas son: Primavera, Flora y... Fauna
70%
¿Cuál es el último deseo de Aladdín? Liberar al genio
62%
¿Con qué se rompe cualquier tipo de hechizo? Con el amor verdadero
60%
¿Quién es el hijo de la señora Potts? Chip
47%
¿Quién es el consejero real de Mufasa? Zazú
43%
¿Qué porcentaje de la población de Zootopia son presas? 90%
39%
¿Qué le dan los cuervos a Dumbo para poder volar? Una pluma mágica
33%
¿Por qué Lilo da diario un sándwich a Pato el pez? Porque controla el clima
26%
¿Cuál es el nombre que usa Mulán en el ejército? Ping
17%
¿A dónde lleva de visita José Carioca al Pato Donald? Bahía, Brasil
13%
¿De qué país es delegada Bianca? ("Bernado y Bianca") Hungría
5%
¿Cuál es la recompensa por atrapar a Alameda Slim? $750 USD
3%
No se encontraron pruebas coincidentes
Distribución de puntuación
Porcentaje de gente con cada puntuación
Porcentaje por número respondido
Historial de tus puntuaciones
No has intentado esta prueba.